Sources of Finance for the Innovation Activities of Small and Medium-sized Enterprises in the Slovak Republic
Na základe profilu SBA (Slovak business Agency) pre rok 2016 vyhodnotila Európska komisia, že najväčším problémom v hlavných oblastiach SBA na Slovensku je oblasť odborných zručností a inovácií. Článok sa snaží nájsť dôvody tohto stavu a ponúknuť návrhy na financovanie inovačných aktivít malých a st...
Salvato in:
| Autore principale: | |
|---|---|
| Natura: | Capitolo di libro |
| Lingua: | inglese |
| Soggetti: | |
| Tags: |
Nessun Tag, puoi essere il primo ad aggiungerne!!
|
MARC
| LEADER | 00000naa$a2200000$$$4500 | ||
|---|---|---|---|
| 001 | 0247794 | ||
| 005 | 20240502083701.7 | ||
| 041 | 0 | |a eng | |
| 044 | |a PL | ||
| 245 | 1 | 0 | |a Sources of Finance for the Innovation Activities of Small and Medium-sized Enterprises in the Slovak Republic |c Katarína Belanová |
| 520 | |a Na základe profilu SBA (Slovak business Agency) pre rok 2016 vyhodnotila Európska komisia, že najväčším problémom v hlavných oblastiach SBA na Slovensku je oblasť odborných zručností a inovácií. Článok sa snaží nájsť dôvody tohto stavu a ponúknuť návrhy na financovanie inovačných aktivít malých a stredných podnikov. | ||
| 610 | 2 | 0 | |a inovácie technologické |
| 610 | 2 | 0 | |a inovácie sociálne |
| 610 | 2 | 0 | |a technológie nové |
| 610 | 2 | 0 | |a zručnosti |
| 610 | 2 | 0 | |a financovanie |
| 610 | 2 | 0 | |a zdroje finančné |
| 610 | 2 | 0 | |a podnik malý |
| 610 | 2 | 0 | |a podnik stredný |
| 100 | 1 | |a Belanová, Katarína, 1978- | |